000 00846nam a2200265 i 4500
001 66392
003 ES-MaACL
005 20251003180906.0
007 t|
008 030422s2002 sp ||||0| spa d
020 _a84-7522-979-4
040 _aM-BN
_bspa
_cM-BN
080 _a821.133.1-14"19"
100 1 _aChar, René.
_938053
245 1 0 _aFuror y misterio /
_cRené Char ; presentación de Augusto Roa Bastos ; traducción y notas de Jorge Riechmann.
260 _aMadrid :
_bVisor Libros,
_c[2002]
300 _a435 p ;
_c20 cm.
490 1 _aColección Visor de poesía ;
_v354
700 1 _aRoa Bastos, Augusto,
_d1917-2005
_997766
700 1 _aRiechmann, Jorge.
_997073
830 0 _aColección Visor de poesía
_v354
_9177331
852 _aES-MaACL
_jL-26879
_bR.132518
999 _c66392
_d66392